| 000 | 00348nam a2200145Ia 4500 | ||
|---|---|---|---|
| 008 | 221030s9999 xx 000 0 und d | ||
| 041 | _aEnglish | ||
| 082 |
_a105.23 _bRai |
||
| 100 | _aH. C. Rai | ||
| 245 | 0 |
_aIndustrial & Power Electronics _cby H. C. Rai |
|
| 260 |
_bUmesh Pub. _aNew Delhi _c2000 |
||
| 300 | _a580 | ||
| 650 | _aECE | ||
| 942 | _cBK | ||
| 999 |
_c6629 _d6629 |
||